000 01095nam a22003137a 4500
001 5838
003 FISKH
005 20250131121331.0
008 250124b cb ||||| |||| 00| 0 eng d
020 _a9780545336017
040 _aFISKH
_beng
_cFISKH
_dFISKH
050 _aPZ7.O222
082 _a813
100 _aO'Connor, Jane
_d(1947–)
245 _aFancy Nancy :
_bThe 100th day of school /
_cby Jane O'Connor ; cover illustration by Robin Preiss Glasser ; interior illustrations by Ted Enik
250 _aFirst printing in 2011
260 _aNew York :
_bScholastic,
_c2011.
300 _a32 pages :
_bcolor illustrations ;
_c23 cm
490 _aI can read!
_vBeginning reading 1
505 _aE
520 _aNancy, who likes to use fancy words, decides to make an homage to her little sister's pet goldfish as her project for the 100th Day of School.
521 8 _a290
_bLexile
521 8 _aE
_bRaz-Plus
650 _2Fancy Nancy
_aPicture book
650 _2Fiction
_aSchool
700 _aGlasser, Preiss Robin
_dillustrator
942 _2ddc
_cBK
_n0
999 _c5838
_d5838